000 00411nam a2200169Ia 4500
008 230524s9999 xx 000 0 und d
020 _a8120307860
082 _a4.133
_bRAJ
100 _aV.Rajaraman
_92240
245 0 _aComputer Oriented Numrical Methods
250 _a3RD
260 _aNEW DELHI
_bPHI
_c1999
300 _aVII;1960
500 _aQuantity Number: 22
650 _aMathematics
942 _cBK
999 _c6185
_d6185